| 000 | 00516nam a22002057a 4500 | ||
|---|---|---|---|
| 005 | 20251108173027.0 | ||
| 008 | 250721s9999 xx 000 0 eng d | ||
| 082 | 1 | 4 | _a658.80285/ KEN |
| 100 | 1 | _akennedy, joyce lain | |
| 245 | 1 | 0 | _aelectronic job search revolution / |
| 250 | _asecond edition | ||
| 264 | 1 |
_anew york : _bjohn willey & sons, |
|
| 300 | _a183p | ||
| 650 | 1 | 7 | _aMANAGEMENT |
| 650 | 1 | 7 | _aMARKETING |
| 650 | 1 | 7 | _aCOMPUTERS |
| 700 | 1 | _amarrow, thomas j. | |
| 942 |
_2ddc _cBK |
||
| 999 |
_c94368 _d94368 |
||